Star Wars Planets (Hard) - Statistics

General Stats
  • This quiz has been taken 418 times
  • The average score is 32 of 66
Answer Stats
Hint Answer % Correct
Icy planet, rebel base Hoth
99%
Desert planet, Mos Eisley Tatooine
99%
Theed, Gungans Naboo
98%
Yoda's exile Dagobah
97%
City covered planet Coruscant
94%
Forest moon was the end of the Empire Endor
94%
Blown up by the first Death Star Alderaan
93%
Cloud city Bespin
93%
Clone home planet Kamino
92%
Rebel base on it's moon Yavin
92%
Lava planet, "You were my brother Anakain!" Mustafar
91%
Wookie home planet Kashyyyk
88%
Battle arena, Poggle the Lesser Geonosis
84%
General Grievous' death Utapau
82%
Rey, graveyard of ships Jakku
79%
12 Parsacs Kessel
78%
Jungle planet, death of Aayla Secura Felucia
73%
Homeworld of the Nightsisters, Savage Opress Dathomir
72%
Han Solo's homeworld Corellia
68%
Hutt family homeworld Nal Hutta
68%
Dry homeworld of the T'wleks Ryloth
63%
Salty planet, old Rebellion base Crait
62%
Maz Kanata's castle Takodana
61%
Imperial base, oceanic tropical islands Scarif
60%
Greedo's home planet Rodia
59%
Ki Adi-Mundi's death Mygeeto
56%
Pong Krell's betrayal Umbara
53%
Where you would find Kyber crystals Ilum
52%
Rural planet, former Rebellion base Dantooine
49%
Source of kyber crystals, destroyed by the Death Star Jedha
49%
Admiral Trench, Ahsoka's introduction Christophsis
46%
Luke's exile Ahch-To
45%
Birthplace of Luke and Leia, death of Padme Polis Massa
44%
Watto, near Nal Hutta Toydaria
44%
Jungle planet, birthplace of Saw Gerrera Onderon
43%
The Father, force balance Mortis
40%
Destroyed by Starkiller Base, capital of the New Republic Hosnian Prime
39%
Home of the Trandoshan hunters Trandosha
38%
Volcanic industrial planet Sullust
36%
Birth place of Sebulba Malastare
35%
Canto Bight Cantonica
33%
Resistance base led by Leia D'Qar
33%
Battle between Vader, Maul, rebels and Inquisitors Malachor
31%
Imperial base, severe rain storms, rocky Eadu
29%
Rogue One, Imperial penal labour colony Wobani
28%
Bridge cities on large rocks Cato Neimoidia
26%
Home Planet of Ahsoka and Shaak Ti Shili
25%
Home of angels Iego
23%
Formerly controlled by Mandalore, homeworld of Jango Fett Concord Dawn
22%
Home planet of the Sith Lords Moraband
21%
Tropical planet near Kamino Rishi
18%
Arid world Saleucami
17%
Han has a run in with a bounty hunter here Ord Mantell
16%
Rumored birthplace of Darth Maul Iridonia
15%
Erso family go hiding Lah'mu
14%
Home planet of Ezra Bridger Lothol
13%
Home to Iden and Garrick Versio Vardos
13%
Home planet of Zeb's species, the Lasat Lira San
12%
Pheonix Squadron base, desert planet Atollon
10%
Imperial manufacturing centre on SW Battlefront II Fondor
10%
SW Battlefront II, one of Palpatines observatories Pillio
10%
Grassy planet discovered in the Clone Wars Maridun
9%
Dexter Jettster spent time prospecting here Subterrel
9%
Forest planet with ancient Jedi temple Devaron
5%
Valley of the Jedi Ruusan
5%
Polluted planet used by the Empire Anoat
3%
No matching quizzes found
Score Distribution
Percent of People with Each Score
Percentile by Number Answered
Your Score History
You have not taken this quiz